Представление документа в формате MARC21

ПолеНазваниеЗначение
  Тип записи a
  Библиографический уровень m
001 Контрольный номер RU/URAIT/587927
005 Дата корректировки 20260429163602.6
008 Кодируемые данные 260429s2026 RU y f j 000 0 rus u
020 Индекс ISBN __
a ISBN 978-5-534-16380-3
c Цена, тираж 1629.00
040 Источник каталогиз. __
a Служба первич. каталог. ИКО Юрайт
c Служба, преобразующая запись ИКО Юрайт
e Правила каталог. RCR
041 Код языка издания __
a Код языка текста rus
044 Код страны публикации __
a Код страны публикации RU
080 Индекс УДК __
a Индекс УДК 368.814(075.32)
084 Индекс другой классификации/Индекс ББК __
2 Источник индекса rubbk
a Индекс другой классификации/Индекс ББК 65.272я723
100 Автор __
a Автор Афтахова А. В.
q Полное имя Афтахова Александра Васильевна
245 Заглавие __
a Заглавие Пенсионное обеспечение
b Продолж. заглавия учебник для спо
c Ответственность А. В. Афтахова.
250 Сведения об издании __
g пер. и доп
a Основные сведения об издании 2-е изд.
256 Характеристики компьютерного файла __
a Характеристики компьютерного файла Электрон. дан.
260 Выходные данные __
a Место издания Москва
b Издательство Юрайт
c Дата издания 2026
300 Физическое описание __
a Объем 302 с
440 Серия __
a Серия Профессиональное образование
500 Примечания __
a Примечание URL: https://urait.ru/bcode/587927 (дата обращения: 29.04.2026).
520 Аннотация __
a Аннотация Пособие содержит учебно-методические материалы, необходимые для изучения института пенсионного обеспечения в рамках дисциплин «Право социального обеспечения», «Пенсионное обеспечение», «Пенсионное обеспечение и социальное страхование», «Пенсионные системы» и др. В пособие включены: краткое описание тематических блоков, перечни контрольных вопросов, нормативно-правовых актов, а также таблицы и вспомогательные материалы по каждой теме. Кроме того, в пособии содержатся основные понятия и термины института пенсионного обеспечения, дополнительные материалы, основная и дополнительная литература, перечень интернет-источников. Пособие подготовлено с учетом последних изменений законодательства, регулирующего вопросы пенсионного обеспечения, по состоянию на 1 февраля 2023 г.
538 Прим. о системных особенностях __
a Прим. о системных особенностях Режим доступа: Электронно-библиотечная система Юрайт, для авториз. пользователей
653 Ключевые слова __
a Ключевые слова Страхование. Управление рисками
653 Ключевые слова __
a Ключевые слова Экономические науки
653 Ключевые слова __
a Ключевые слова Пенсионное обеспечение
653 Ключевые слова __
a Ключевые слова Обеспечение реализации прав граждан в сфере пенсионного обеспечения и социальной защиты
653 Ключевые слова __
a Ключевые слова Страховое дело и пенсионное обеспечение
653 Ключевые слова __
a Ключевые слова Основы пенсионного обеспечения
653 Ключевые слова __
a Ключевые слова Обеспечение реализации прав граждан в сфере пенсионного обеспечения социальной защиты
653 Ключевые слова __
a Ключевые слова Пенсионное обеспечение России
653 Ключевые слова __
a Ключевые слова Судебно-правовая защита граждан в сфере социальной защиты и пенсионного обеспечения
856 Электронный адрес документа 40
n Местонахождение сервера Юрайт
g Электронная книга
q Тип электронного формата html
h Имя пользователя ЮРАЙТ
v Часы доступа к ресурсу 20271231
2 Способ доступа Показать документ
x Служебное примечание https://urait.ru/book/cover/13CEF767-6749-435E-A34B-66474E826236
u URL https://urait.ru/bcode/587927
856 Электронный адрес документа 48
q Тип электронного формата cover
u URL https://urait.ru/book/cover/13CEF767-6749-435E-A34B-66474E826236
911 __
u 0030=https://urait.ru/bcode/587927
911 __
u 073a=9785534163803
u 073d=1629.00
911 __
u 106a=s
911 __
u 900l=
952 Тип литературы __
i Дисциплина Пенсионное обеспечение
952 Тип литературы __
i Дисциплина Обеспечение реализации прав граждан в сфере пенсионного обеспечения и социальной защиты
952 Тип литературы __
i Дисциплина Страховое дело и пенсионное обеспечение
952 Тип литературы __
i Дисциплина Основы пенсионного обеспечения
952 Тип литературы __
i Дисциплина Обеспечение реализации прав граждан в сфере пенсионного обеспечения социальной защиты
952 Тип литературы __
i Дисциплина Пенсионное обеспечение России
952 Тип литературы __
i Дисциплина Судебно-правовая защита граждан в сфере социальной защиты и пенсионного обеспечения